International journal of gender & health studies (Record no. 38316)

MARC details
000 -LEADER
fixed length control field 00472nam a2200157Ia 4500
022 ## - INTERNATIONAL STANDARD SERIAL NUMBER
ISSN 15970191
050 ## - CALL MARK
Classification number RA 564.85 .I573/
245 #0 - TITLE STATEMENT
Title International journal of gender & health studies
260 ## - PUBLICATION, DISTRIBUTION, ETC. (IMPRINT)
Place of publication Ikot Ekpene
260 ## - PUBLICATION, DISTRIBUTION, ETC. (IMPRINT)
Name of publisher Development Universal Consortia
260 ## - PUBLICATION, DISTRIBUTION, ETC. (IMPRINT)
Year of publication 2010
650 ## - SUBJECT ADDED ENTRY--TOPICAL TERM
Topical Term Women--Health and hygiene--Africa--Periodicals. Diseases--Africa--Periodicals.
942 ## - ADDED ENTRY ELEMENTS (KOHA)
Koha item type Serials

No items available.